| 000 | 01083nam a2200181 a 4500 | ||
|---|---|---|---|
| 001 | 45142 | ||
| 005 | 20180714024234.0 | ||
| 008 | 140415s2002 000 0 eng d | ||
| 020 | _a0130653012 | ||
| 041 | _aeng | ||
| 082 |
_a658.84 _bELE |
||
| 245 | 0 | 0 |
_aELECTRONIC COMMERCE 2002 : _bA MANAGERIAL PERSPECTIVE |
| 250 | _a2a ed. | ||
| 260 |
_a[s.l.] : _bPEARSON EDUCATION, _c2002 |
||
| 300 |
_a914 _cx 21 x 26 |
||
| 520 | _aELECTRONIC COMERCE (EC) DESCRIBE LA MENERA EN LA CUAL LAS TRANSACCIONES TOMA EL LUGAR SOBRE LA RED , QUE EN SU MAYOR PARTE ES EL INTERNET. ESTO ES EL PROCESO DE VENDER Y COMPRAR ELECTRONICAMENTE BIEN, SERVICIOS Y INFORMACION CIERTAMENTE ELECTRONICA Y COMERCIO EN LAS APLICACIONES DE ESTE TIPO ESTA COMPRANDO Y VENDIENDO LA EXIXTECIA O SURTIENDO SOBRE EL INTERNET, ESTA CRECIENDO EN GRAN MEDIDA DE VARIOS CIENTOS POR CIENTO CADA AÑO EC PODRIA TENER UN IMPACTO DE UNA GRAN PORCION EN EL MUND | ||
| 650 | 1 | 4 |
_aCOMERCIO (ELECTRONICO) _xCOMERCIO ELECTRNICO _xADMINISTRACIN _xTECNOLOGA DE LA INFORMACIN _xADMINISTRACIN _xEMPRESAS _xREDES DE COMPUTADORES |
| 999 |
_c45142 _d45142 |
||